A quoi tient la supériorité des Anglo - Saxons (Registro nro. 301707)

Detalles MARC
000 -ENCABEZADO
Número de control [NR] 01551nam a22002537a 4500
005 - FECHA Y HORA DE LA ÚLTIMA TRANSACCIÓN
control field 20151125114449.0
008 - DE LONGITUD FIJA DE DATOS DE ELEMENTOS - INFORMACIÓN GENERAL
Elementos de longitud fija [NR] 150929n fr ||||fr|||| 00| 0 fre d
040 ## - FUENTE DE CATALOGACION [NR]
Quien Cataloga Sandra Yazo
Quien Clasifica Sandra Yazo
041 0# - CODIGO DE IDIOMA [R]
Código de idioma para texto/pista de sonido o título separado [R] Francés
082 04 - NUMERO DE CLASIFICACION DECIMAL DEWEY [R]
Número de la edición [NR] 20
Número de clasificación [R] 305.8
092 ## - SIGNATURA TOPOGRAFICA LOCAL
Número de clasificación local E37N096
100 1# - ASIENTO PRINCIPAL--NOMBRE PERSONAL [NR]
ID Autoridad 71645
Nombre personal [NR] Demolins, Edmond
Fechas asociadas con el nombre [NR] 1852-1907
242 00 - TRADUCCION DEL TITULO POR LA AGENCIA CATALOGADORA [R]
Título [NR] En qué se fundamenta la superioridad de los anglosajones
Mención de responsabilidad, etc. [NR] Edmundo Demolins
Código de idioma del título traducido [NR] spa
245 10 - MENCION DE TITULO [NR]
Título [NR] A quoi tient la supériorité des Anglo - Saxons
Mención de responsabilidad, etc. [NR] Ed. Demolins
260 ## - PUBLICACION, DISTRIBUCION, ETC. (PIE DE IMPRENTA) [R]
Lugar de publicación, distribución, etc. [R] París (Francia)
Nombre del editor, distribuidor, etc. [R] Firmin Didot et Cie., Imprimeurs-Éditeurs [Fermín Didot y Compañía. Impresores – Editores]
Fecha de publicación, distribución, etc. [R] [fecha desconocida]
300 ## - DESCRIPCION FISICA [R]
Extensión [R] xxxii, 464 páginas
Dimensiones [R] 18 x 12 cm.
500 ## - NOTA GENERAL [R]
Nota general [NR] Detalles físicos: Encuadernación rígida (holandesa), cartón forrado en papel. Lomo de tela texturizada con adornos en dorado. Guardas. Anteportada. Portada impresa en una sola tinta. Texto impreso en una sola columna. Notas de pie de página. Varias hojas con rayones, papel manchado
505 2# - NOTA DE CONTENIDO CON FORMATO PREESTABLECIDO [R]
Nota de contenido con formato preestablecido [NR] Franceses y Anglosajones en la escuela: Los sistemas escolares franceses, ingleses y alemanes ¿forman hombres? Cómo deben crecer nuestros hijos ; Franceses y Anglosajones en la vida privada ; Franceses y Anglosajones en la vida pública: actitudes diferentes ante el socialismo ; Diferencia en los conceptos de patria ; Diferentes ideas sobre la solidaridad
506 ## - NOTA DE RESTRICCIONES DE ACCESO [R]
Condiciones de acceso [NR] Consulta en sala
546 ## - NOTA DE IDIOMA [R]
Nota de idioma [NR] Texto en francés
650 #7 - ASIENTO SECUNDARIO DE MATERIA - TERMINO TEMATICO [R]
Término temático o nombre geográfico como elemento de entrada [NR] Sociología
9 (RLIN) 24766
690 ## - ASUNTO AGREGADO LOCAL DE ENTRADA - TÉRMINO TEMÁTICO (OCLC, RLIN)
9 (RLIN) 42914
Acceso temático local Sociología
942 ## - ELEMENTOS DE ENTRADA AGREGADOS (KOHA)
Sistema de clasificación LOCAL
Tipo de ítem principal el descrito en 300a Libro
Edición 1
Clasificación E37N096
Existencias
Suprimido Perdido Sistema de clasificación Dañado No prestable Tipo de ítem específico Ubicación habitual Ubicación actual Localización Fecha de creación Forma de adquisición Costo Total préstamos Signatura topográfica Código de barras Última vez visto Ejemplar Price effective from Tipo de ítem
    LOCAL     Libro archivo Archivo Histórico Archivo Histórico Archivo histórico 29/09/2015 Donación 0.00   E37N096 L005191 29/09/2015 Ej.1 29/09/2015 Libro